Statistics for Countries Contained in AUSTRALIA and NEW ZEALAND - 90 Second Sprint

Click here to take the quiz!

General Stats

  • This quiz has been taken 49 times
  • The average score is 3 of 13

Answer Stats

country% Correct
Austria
100%
Ireland
32%
Australia
26%
New Zealand
26%
Iran
23%
Taiwan
19%
Israel
16%
Sudan
16%
Sweden
16%
Rwanda
13%
Swaziland
13%
Tanzania
13%
Switzerland
6%

Score Distribution

Percentile by Number Answered

Percent of People with Each Score

Your Score History

You have not taken this quiz